000 00804nam a2200241 a 4500
001 63997
003 BD-RJUL
005 20211209081248.0
008 170206s1982 ii a b 001 0 eng d
035 _a(BD-RJUL) 64127
040 _aBD-RJUL
_cBD-RJUL
_beng
041 _aeng
082 _a954.0357
_223
_bPAP 1982
100 1 _aPage, David.
_9190037
245 1 0 _aPrelude to partition :
_bthe Indian Muslims and the imperial system of control, 1920-1932 /
_cDavid Page.
260 _aDelhi ;
_aNew York :
_bOxford University Press,
_cc1982.
300 _axiii, 288 p. :
_bill. ;
_c23 cm.
500 _aIncludes index.
504 _aBibliography: p. [269]-278.
650 0 _aMuslims
_xPolitical activity
_zIndia.
_9190038
651 0 _aIndia
_xPolitics and government
_y1919-1947
_9172110
942 _2ddc
_cBK
999 _c63997
_d63997